<?xml version="1.0" encoding="UTF-8"?>
<record
    xmlns:xsi="http://www.w3.org/2001/XMLSchema-instance"
    xsi:schemaLocation="http://www.loc.gov/MARC21/slim http://www.loc.gov/standards/marcxml/schema/MARC21slim.xsd"
    xmlns="http://www.loc.gov/MARC21/slim">

  <leader>00925nam a22002657a 4500</leader>
  <controlfield tag="005">20170123162317.0</controlfield>
  <datafield tag="010" ind1=" " ind2=" ">
    <subfield code="a">A-853782</subfield>
  </datafield>
  <datafield tag="020" ind1=" " ind2=" ">
    <subfield code="c">15.00</subfield>
    <subfield code="a">8126001151</subfield>
  </datafield>
  <datafield tag="035" ind1=" " ind2=" ">
    <subfield code="a">A-853782</subfield>
  </datafield>
  <datafield tag="037" ind1=" " ind2=" ">
    <subfield code="b">Cen Lib/Ret</subfield>
  </datafield>
  <datafield tag="040" ind1=" " ind2=" ">
    <subfield code="a">DPL</subfield>
    <subfield code="b">UR</subfield>
  </datafield>
  <datafield tag="082" ind1=" " ind2=" ">
    <subfield code="a">841.08</subfield>
    <subfield code="b">&#x633; &#x627; &#x62D; </subfield>
  </datafield>
  <datafield tag="100" ind1=" " ind2=" ">
    <subfield code="a">&#x633;&#x644;&#x6CC;&#x645;&#x627;&#x646; &#x627;&#x637;&#x6C1;&#x631; &#x62C;&#x627;&#x648;&#x6CC;&#x62F; </subfield>
    <subfield code="9">788</subfield>
  </datafield>
  <datafield tag="245" ind1=" " ind2=" ">
    <subfield code="a">&#x633;&#x627;&#x62D;&#x631; &#x644;&#x62F;&#x6BE;&#x6CC;&#x627;&#x646;&#x648;&#x6CC;  /</subfield>
    <subfield code="c">&#x633;&#x644;&#x6CC;&#x645;&#x627;&#x646; &#x627;&#x637;&#x6C1;&#x631; &#x62C;&#x627;&#x648;&#x6CC;&#x62F; </subfield>
  </datafield>
  <datafield tag="246" ind1=" " ind2=" ">
    <subfield code="a">Sahir Ludhyanvi /</subfield>
    <subfield code="b">by Suleman Athar Javed </subfield>
  </datafield>
  <datafield tag="260" ind1=" " ind2=" ">
    <subfield code="a">&#x646;&#x6CC;&#x6CC; &#x62F;&#x6C1;&#x644;&#x6CC; </subfield>
    <subfield code="b">&#x633;&#x627;&#x6C1;&#x62A;&#x6CC;&#x6C1;&#x627; &#x6A9;&#x627;&#x62F;&#x645;&#x6CC; </subfield>
    <subfield code="c">1996</subfield>
  </datafield>
  <datafield tag="270" ind1=" " ind2=" ">
    <subfield code="b">&#x646;&#x6CC;&#x6CC; &#x62F;&#x6C1;&#x644;&#x6CC; </subfield>
    <subfield code="a">&#x631;&#x648;&#x6CC;&#x646;&#x62F;&#x631;&#x627; &#x628;&#x6BE;&#x648;&#x6BA; &#x663;&#x665;&#x60C; &#x641;&#x6CC;&#x631;&#x648;&#x632; &#x634;&#x627;&#x6C1; &#x645;&#x627;&#x631;&#x6AF; </subfield>
    <subfield code="e">110001</subfield>
  </datafield>
  <datafield tag="300" ind1=" " ind2=" ">
    <subfield code="a">70p.</subfield>
    <subfield code="c">21cm(Hb)</subfield>
  </datafield>
  <datafield tag="500" ind1=" " ind2=" ">
    <subfield code="a">&#x6A9;&#x62A;&#x627;&#x628;&#x6CC;&#x627;&#x62A; &#x634;&#x627;&#x645;&#x644; </subfield>
  </datafield>
  <datafield tag="650" ind1=" " ind2=" ">
    <subfield code="a">&#x627;&#x631;&#x62F;&#x648; &#x627;&#x62F;&#x628; </subfield>
    <subfield code="9">115491</subfield>
  </datafield>
  <datafield tag="650" ind1=" " ind2=" ">
    <subfield code="a">&#x627;&#x631;&#x62F;&#x648; &#x633;&#x648;&#x646;&#x6D2; &#x627;&#x645;&#x631;&#x6CC; </subfield>
    <subfield code="9">108484</subfield>
  </datafield>
  <datafield tag="650" ind1=" " ind2=" ">
    <subfield code="a">Urdu literature </subfield>
    <subfield code="9">115492</subfield>
  </datafield>
  <datafield tag="650" ind1=" " ind2=" ">
    <subfield code="a">Urdu biography </subfield>
    <subfield code="9">511</subfield>
  </datafield>
  <datafield tag="942" ind1=" " ind2=" ">
    <subfield code="2">ddc</subfield>
    <subfield code="c">UR</subfield>
    <subfield code="h">841.08</subfield>
    <subfield code="m">&#x633; &#x627; &#x62D; </subfield>
  </datafield>
  <datafield tag="999" ind1=" " ind2=" ">
    <subfield code="c">106839</subfield>
    <subfield code="d">106839</subfield>
  </datafield>
  <datafield tag="952" ind1=" " ind2=" ">
    <subfield code="0">0</subfield>
    <subfield code="1">0</subfield>
    <subfield code="4">0</subfield>
    <subfield code="7">0</subfield>
    <subfield code="a">L</subfield>
    <subfield code="b">L</subfield>
    <subfield code="d">2015-12-30</subfield>
    <subfield code="e">Cen Lib/Ret</subfield>
    <subfield code="g">15.00</subfield>
    <subfield code="l">0</subfield>
    <subfield code="o">841.08 &#x633; &#x627; &#x62D;</subfield>
    <subfield code="p">A-853782</subfield>
    <subfield code="r">2015-12-30 00:00:00</subfield>
    <subfield code="t">1</subfield>
    <subfield code="v">15.00</subfield>
    <subfield code="w">2015-12-30</subfield>
    <subfield code="y">UR</subfield>
  </datafield>
</record>
